Destinos del Aeropuerto Int. de Maiquetía Simón Bolívar (Caracas) - Estadísticas

Estadísticas generales
  • Esta prueba ha sido intentada 17 veces
    7 desde el último reinicio
  • La puntuación promedio es 13 de 38
Estadísticas de respuestas
Aerolíneas Destino % Correcto
Avianca
Avior Airlines
Laser Airlines
LATAM Airlines
Wingo
Bogotá
100%
Conviasa La Habana
100%
Air Europa Estelar Latinoamérica Iberia Laser Airlines Plus Ultra Líneas Aéreas Madrid
100%
Copa AirlinesEstelar Latinoamérica
Venezolana
Ciudad de Panamá
75%
Turkish Airlines Estambul
75%
Avior AirlinesLaser Airlines Rutaca Airlines Barcelona (V)
50%
Conviasa Cancún
50%
Conviasa Ciudad de México (NLU)
50%
TAP Air Portugal Lisboa
50%
Avior AirlinesConviasa
Estelar Latinoamérica
Laser Airlines
Rutaca Airlines
Venezolana
Maracaibo
50%
Wingo Medellín
50%
Aeropostal
Avior Airlines Conviasa Estelar Latinoamérica Laser Airlines Rutaca Airlines Venezolana
Porlamar
50%
Conviasa Estelar Latinoamérica Laser Airlines
Rutaca Airlines
Santo Domingo del Táchira
50%
Gol Linhas Aéreas São Paulo
50%
Conviasa Teherán
50%
ConviasaEstelar Latinoamérica Barinas
25%
Avior Airlines
Conviasa
Rutaca Airlines
Venezolana
Barquisimeto
25%
Avior AirlinesConviasa
Estelar Latinoamérica Laser Airlines
Rutaca Airlines
Ciudad Guayana
25%
Rutaca Airlines Coro
25%
Avior Airlines
Conviasa
Estelar Latinoamérica
Laser Airlines
El Vigía
25%
Avior Airlines Conviasa Rutaca Airlines Las Piedras
25%
Conviasa Moscú
25%
Conviasa Puerto Ayacucho
25%
Caribbean Airlines Puerto España
25%
ConviasaEstelar Latinoamérica Rutaca Airlines San Antonio del Táchira
25%
Boliviana de AviaciónConviasa Santa Cruz de la Sierra
25%
Plus Ultra Líneas Aéreas Tenerife
25%
Avior AirlinesLaser Airlines Willemstad
25%
Conviasa Bridgetown
0%
Conviasa Canaima
0%
ConviasaRutaca Airlines Cumaná
0%
Conviasa Guangzhou
0%
AeroCaribe Airlines Isla de Coche
0%
ConviasaLaser Airlines La Fría
0%
AeroCaribe AirlinesBlue Star
Conviasa
SASCA Airlines
Los Roques
0%
ConviasaRutaca Airlines Maturín
0%
Conviasa San Fernando de Apure
0%
Conviasa Valera
0%
No se encontraron pruebas coincidentes
Distribución de puntuación
Porcentaje de gente con cada puntuación
Porcentaje por número respondido
Historial de tus puntuaciones
No has intentado esta prueba desde el último reinicio